00600cam a22002174a 45000010009000000050017000090080041000260100017000670200035000840200035001190400018001540410008001720420008001800430012001880800020002000820024002201000007002441010008002512450059002595040064003181228787420180209074736.0010124s2001 caua b 001 0 eng  a 2001023051 a0737707828 (lib. : alk. paper) a073770781X (pbk. : alk. paper) aDLCcDLCdDLC aeng apcc an-us--- a305.26973 lau00a305.26973 lau221 a22 apol03aAn aging population :cLaura K. Egendorf, book editor. aIncludes bibliographical references (p. 193-195) and index.